Digital circuit system : using VHDL
| Main Author: | |
|---|---|
| Format: | Book |
| Published: |
New Delhi :
S. K. Kataria & Sons ,
2014
|
| Subjects: |
MARC
| LEADER | 00000cam a2200000 7i4500 | ||
|---|---|---|---|
| 001 | 0000044042 | ||
| 005 | 20141211.0 | ||
| 008 | 141211 | ||
| 020 | |a 9380027036 | ||
| 090 | 0 | 0 | |a 621.3815 |b SHI |
| 100 | 1 | |a Shipra Gupta | |
| 245 | 1 | 0 | |a Digital circuit system : |b using VHDL |c Shipra Gupta & Neelu Chaudhary |
| 260 | |a New Delhi : |b S. K. Kataria & Sons , |c 2014 | ||
| 650 | 0 | |a Digital electronics | |
| 650 | 0 | |a VHDL (computer hardware description language) | |
| 999 | |a 0001324005 |b Book |c Adult Collection |e Perbadanan Perpustakaan Awam Johor | ||